Những tình huống thông dụng trong đàm thoại tiếng Hoa

Uloženo v:
Podrobná bibliografie
Hlavní autor: Hồ, Tiến Huân (Biên soạn)
Médium: Kniha
Vydáno: Hà Nội Thanh niên 2007
Témata:
Tagy: Přidat tag
Žádné tagy, Buďte první, kdo otaguje tento záznam!
Thư viện lưu trữ: Trung tâm Học liệu Lê Vũ Hùng, Trường Đại học Đồng Tháp
LEADER 00775pam a22002418a 4500
001 00044015
005 20190409160410.0
008 110505s1997 ||||||Viesd
020 # # |c 56000 
041 0 # |a Vie 
082 1 # |a 495.1  |b NH556T 
100 1 # |e Biên soạn  |a Hồ, Tiến Huân 
245 0 0 |a Những tình huống thông dụng trong đàm thoại tiếng Hoa  |c Hồ Tiến Huân (b.s.) 
260 # # |a Hà Nội  |b Thanh niên  |c 2007 
300 # # |a 338 tr.  |c 21 cm 
653 # # |a Ngôn ngữ 
653 # # |a Thực hành 
653 # # |a Tiếng Trung 
653 # # |a Tình huống 
653 # # |a Đàm thoại 
852 # # |j KD.0025246 
910 # # |d 9/4/2019 
980 # # |a Trung tâm Học liệu Lê Vũ Hùng, Trường Đại học Đồng Tháp